000 01166nam a2200301 i 4500
001 16002
003 ES-MaACL
005 20250624194250.0
007 t|
008 000531s1995 sp ||||0| spa j
020 _a84-7846-491-3
040 _aM-BN
_bspa
_cM-BN
080 _a860 León, Luis de 1.06
100 1 _aThompson, Colin P.
_9110070
245 1 3 _aLa lucha de las lenguas
_b: Fray Luis de León y el Siglo de Oro en España /
_cColin P. Thompson ; [traducción, Mª. Isabel Sáinz-Ezquerra ; revisión de la traducción, Cristina Corredor].
260 _a[Valladolid] :
_bConsejería de Educación y Cultura,
_c1995.
300 _a292 p. ;
_c25 cm.
490 1 _aEstudios de lengua y literatura
504 _aBibliografía: p. [259]-274.
600 1 4 _aLeón, Luis de,
_d1527-1591-
_xCrítica e interpretación
_971582
700 1 _aSáinz-Ezquerra, Mª Isabel.
_9101598
700 1 _aCorredor, Cristina.
_940772
710 1 _aCastilla y León.
_bConsejería de Educación y Cultura.
_92500
830 0 _aEstudios de lengua y literatura
_9179645
852 _aES-MaACL
_jL-23220
_bR.128307
999 _c16002
_d16002